<?xml version="1.0" encoding="UTF-8"?>
<record
    xmlns:xsi="http://www.w3.org/2001/XMLSchema-instance"
    xsi:schemaLocation="http://www.loc.gov/MARC21/slim http://www.loc.gov/standards/marcxml/schema/MARC21slim.xsd"
    xmlns="http://www.loc.gov/MARC21/slim">

  <leader>00324    a2200133   4500</leader>
  <datafield tag="082" ind1=" " ind2=" ">
    <subfield code="a">954.91</subfield>
  </datafield>
  <datafield tag="090" ind1=" " ind2=" ">
    <subfield code="c">6704</subfield>
    <subfield code="d">6704</subfield>
  </datafield>
  <datafield tag="100" ind1=" " ind2=" ">
    <subfield code="a">Muhammad Aslam</subfield>
  </datafield>
  <datafield tag="245" ind1=" " ind2=" ">
    <subfield code="a">Tehreek- e- Pakistan</subfield>
    <subfield code="c">Muhammad Aslam</subfield>
  </datafield>
  <datafield tag="260" ind1=" " ind2=" ">
    <subfield code="a">Lahore</subfield>
    <subfield code="b">Rahiz Brothers.</subfield>
    <subfield code="c">2000.</subfield>
  </datafield>
  <datafield tag="300" ind1=" " ind2=" ">
    <subfield code="a">480p.</subfield>
  </datafield>
  <datafield tag="500" ind1=" " ind2=" ">
    <subfield code="a">Paper cover</subfield>
  </datafield>
  <datafield tag="942" ind1=" " ind2=" ">
    <subfield code="a">NBS</subfield>
    <subfield code="c">BK</subfield>
    <subfield code="k">954.91 ASL</subfield>
  </datafield>
  <datafield tag="999" ind1=" " ind2=" ">
    <subfield code="c">349055</subfield>
    <subfield code="d">349055</subfield>
  </datafield>
  <datafield tag="952" ind1=" " ind2=" ">
    <subfield code="0">0</subfield>
    <subfield code="1">0</subfield>
    <subfield code="4">0</subfield>
    <subfield code="7">0</subfield>
    <subfield code="a">NLS</subfield>
    <subfield code="b">NLS</subfield>
    <subfield code="d">2013-08-28</subfield>
    <subfield code="l">1</subfield>
    <subfield code="o">954.91 ASL</subfield>
    <subfield code="p">NBS2052</subfield>
    <subfield code="r">2022-04-19</subfield>
    <subfield code="s">2017-08-28</subfield>
    <subfield code="w">2013-08-28</subfield>
    <subfield code="y">BK</subfield>
  </datafield>
</record>
